| 000 | 00946nam a2200301 i 4500 | ||
|---|---|---|---|
| 001 | 132957 | ||
| 003 | ES-MaACL | ||
| 005 | 20250801223015.0 | ||
| 007 | t| | ||
| 008 | 070214s1977 sp r ||||1| spa d | ||
| 020 | _a84-85269-04-7 | ||
| 080 | _a2 Blavatsky, H.P. | ||
| 080 | _a141.332 | ||
| 080 | _a21/29 | ||
| 100 | 1 |
_aRoso de Luna, Mario, _d1872-1931 _999794 |
|
| 245 | 1 | 3 |
_aEl simbolismo de las religiones del mundo y el problema de la fidelidad : _bcomentarios a "La doctrina secreta" de H.P. Blavatsky / _cMario Roso de Luna. |
| 250 | _a2ª. ed. | ||
| 260 |
_aMadrid : _bEyras, _c1977. |
||
| 300 |
_a444 p. : _bil. ; _c21 cm. |
||
| 490 | 1 | _aHespérides | |
| 600 | 1 | 4 |
_aBlavatsky, H. P., _d1831-1891 _9148372 |
| 650 | 7 |
_aTeosofía _2embne _917478 |
|
| 650 | 4 |
_aSimbolismo. _917102 |
|
| 650 | 7 |
_aReligiones _2embne _916814 |
|
| 830 | 1 |
_aHespérides _9186914 |
|
| 852 |
_aES-MaACL _jC-46231 |
||
| 999 |
_c132957 _d132957 |
||